002350000a220007300045001000029000002450059000293000051000887730022001391 aLevin, Christoph (1950-)10aDie instandsetzung des tempels unter Joasch ben Ahasja aVol. 40, Num. 1 (Enero, 1990), Páginas 51-880 tVetus Testamentum